<?xml version='1.0' encoding='UTF-8'?>
  <record xmlns="http://www.loc.gov/MARC21/slim">
    <leader>00000ccm a2200000 i 4500</leader>
    <controlfield tag="001">ocn931912969</controlfield>
    <controlfield tag="003">OCoLC</controlfield>
    <controlfield tag="005">20250623162306.4</controlfield>
    <controlfield tag="008">150904s1683    ne mozd        n  u lat d</controlfield>
    <datafield tag="040" ind1=" " ind2=" ">
      <subfield code="a">NLGGC</subfield>
      <subfield code="b">eng</subfield>
      <subfield code="e">rda</subfield>
      <subfield code="e">dcrmb</subfield>
      <subfield code="e">fobidrtb</subfield>
      <subfield code="c">NLGGC</subfield>
      <subfield code="d">QGJ</subfield>
      <subfield code="d">OCLCF</subfield>
      <subfield code="d">OCLCO</subfield>
      <subfield code="d">OCLCL</subfield>
      <subfield code="d">OCLCQ</subfield>
    </datafield>
    <datafield tag="035" ind1=" " ind2=" ">
      <subfield code="a">(OCoLC)931912969</subfield>
    </datafield>
    <datafield tag="100" ind1="1" ind2=" ">
      <subfield code="a">Buns, Benedictus,</subfield>
      <subfield code="d">1642-1716,</subfield>
      <subfield code="e">composer.</subfield>
      <subfield code="4">cmp</subfield>
      <subfield code="1">https://id.oclc.org/worldcat/entity/E39PBJbGWtCjGgyfFwkRXWmKh3</subfield>
    </datafield>
    <datafield tag="240" ind1="1" ind2="0">
      <subfield code="a">Encomia sacre musice decantanda</subfield>
    </datafield>
    <datafield tag="245" ind1="1" ind2="0">
      <subfield code="a">Encomia sacra musice decantanda 1. 2. 3. vocibus, &amp; 2. 3. 4. &amp; 5. instrum. :</subfield>
      <subfield code="b">opus sextum /</subfield>
      <subfield code="c">opera et studio R.P. Benedicti a. S. Josepho, ordinis F.F. B.V. Mariae de Monte Carmeli.</subfield>
    </datafield>
    <datafield tag="254" ind1=" " ind2=" ">
      <subfield code="a">Parts</subfield>
    </datafield>
    <datafield tag="264" ind1=" " ind2="1">
      <subfield code="a">Ultrajecti, :</subfield>
      <subfield code="b">ex officina Arnoldi ab Eynden, Typgr.,</subfield>
      <subfield code="c">M DC LXXXIII. [1683].</subfield>
    </datafield>
    <datafield tag="300" ind1=" " ind2=" ">
      <subfield code="a">8 volumes ;</subfield>
      <subfield code="c">22 cm (4to)</subfield>
    </datafield>
    <datafield tag="336" ind1=" " ind2=" ">
      <subfield code="a">notated music</subfield>
      <subfield code="b">ntm</subfield>
      <subfield code="2">rdacontent</subfield>
    </datafield>
    <datafield tag="337" ind1=" " ind2=" ">
      <subfield code="a">unmediated</subfield>
      <subfield code="b">n</subfield>
      <subfield code="2">rdamedia</subfield>
    </datafield>
    <datafield tag="338" ind1=" " ind2=" ">
      <subfield code="a">volume</subfield>
      <subfield code="b">nc</subfield>
      <subfield code="2">rdacarrier</subfield>
    </datafield>
    <datafield tag="340" ind1=" " ind2=" ">
      <subfield code="m">4to</subfield>
    </datafield>
    <datafield tag="500" ind1=" " ind2=" ">
      <subfield code="a">Vox prima, 80 pages; Vox secunda, 50 pages; Vox tertia, 51 pages; Violino primo, 79 pages; Violino secundo, 76 pages; Violino tertio et quarto, 53 pages, Fagotto, 63 pages; Basso continuo, 98 pages.</subfield>
    </datafield>
    <datafield tag="500" ind1=" " ind2=" ">
      <subfield code="a">I-VIII, Voce sola cum instrumentis ; IX-XIV, Duabus vocibus cum instrumentis ; XV-XX, Tribus vocibus cum instrumentis.</subfield>
    </datafield>
    <datafield tag="505" ind1="0" ind2="0">
      <subfield code="g">I.</subfield>
      <subfield code="t">O Jesu chare</subfield>
      <subfield code="g">(Canto cum 2 violinis et fagotto)--</subfield>
      <subfield code="g">II.</subfield>
      <subfield code="t">Salve regina</subfield>
      <subfield code="g">(Canto cum 2, 3 vel 5 instr.)--</subfield>
      <subfield code="g">III.</subfield>
      <subfield code="t">Regina caeli</subfield>
      <subfield code="g">(Canto cum 2, 3 vel 5 instr.)--</subfield>
      <subfield code="g">IV.</subfield>
      <subfield code="t">O martyrum virtus</subfield>
      <subfield code="g">(Canto cum 2, 3 vel 5 instr.)--</subfield>
      <subfield code="g">V.</subfield>
      <subfield code="t">Non nobis Domine</subfield>
      <subfield code="t">(Canto cum 2 violinis et 2 basso violis)--</subfield>
      <subfield code="g">VI.</subfield>
      <subfield code="t">Quid agis cor meum</subfield>
      <subfield code="g">(Alto cum 2 vel 5 instr.)--</subfield>
      <subfield code="g">VII.</subfield>
      <subfield code="t">Domine ne in furore</subfield>
      <subfield code="g">([Ps. VI])</subfield>
      <subfield code="g">(Basso cum 2 violis et 2 basso violis)--</subfield>
      <subfield code="g">VIII.</subfield>
      <subfield code="t">Quis me territat</subfield>
      <subfield code="g">(Basso cum 2 vel 5 instr.)--</subfield>
      <subfield code="g">IX.</subfield>
      <subfield code="t">O sors optata</subfield>
      <subfield code="g">(2 Canti cum 2 violinis et fagotto)--</subfield>
      <subfield code="g">X.</subfield>
      <subfield code="t">O dulcissime</subfield>
      <subfield code="g">(Canto &amp; Alto cum 2 violinis et fagotto)--</subfield>
      <subfield code="g">XI.</subfield>
      <subfield code="t">Numquid ego</subfield>
      <subfield code="g">(Canto &amp; Basso cum 2 violinis et fagotto)--</subfield>
      <subfield code="g">XII.</subfield>
      <subfield code="t">Obstupescite</subfield>
      <subfield code="g">( (Canto &amp; Basso cum 2 violinis et fagotto)--</subfield>
      <subfield code="g">XIII.</subfield>
      <subfield code="t">Praecisa est</subfield>
      <subfield code="g">(Canto &amp; Basso cum 2 violinis et fagotto)--</subfield>
      <subfield code="g">XIV.</subfield>
      <subfield code="t">Domine Dom: noster</subfield>
      <subfield code="g">([Ps. VIII])</subfield>
      <subfield code="g">(2 Canti cum 2 violinis et 2 basso violis)--</subfield>
      <subfield code="g">XV.</subfield>
      <subfield code="t">Jubilate</subfield>
      <subfield code="g">(2 Canti &amp; Basso cum 2 viol. et fagotto)--</subfield>
      <subfield code="g">XVI.</subfield>
      <subfield code="t">Quis dabit nobis</subfield>
      <subfield code="g">2 Canti &amp; Basso cum 2 violinis et fagotto)--</subfield>
      <subfield code="g">XVII.</subfield>
      <subfield code="t">O Salvator amatiss:</subfield>
      <subfield code="g">(2 Canti &amp; Basso cum 2. 3. vel 5 instrum.)--</subfield>
      <subfield code="g">XVIII.</subfield>
      <subfield code="t">O quam suave</subfield>
      <subfield code="g">((2 Canti &amp; Basso cum 2. violinis et fagotto)--</subfield>
      <subfield code="g">XIX.</subfield>
      <subfield code="t">Audite</subfield>
      <subfield code="g">2 Canti &amp; Basso cum 2. vel 3. violinis et 1. vel 2. basso violis)--</subfield>
      <subfield code="g">XX.</subfield>
      <subfield code="t">Missa</subfield>
      <subfield code="g">(2 Tenores vel Canti &amp; Basso cum 2 violinis et fagotto).</subfield>
    </datafield>
    <datafield tag="520" ind1="2" ind2=" ">
      <subfield code="a">Nineteen motets, one mass, for 1-3 solo voices TTB, instruments and bc.</subfield>
    </datafield>
    <datafield tag="650" ind1=" " ind2="0">
      <subfield code="a">Motets.</subfield>
    </datafield>
    <datafield tag="650" ind1=" " ind2="0">
      <subfield code="a">Sacred songs (High voice) with instrumental ensemble</subfield>
      <subfield code="v">Parts.</subfield>
    </datafield>
    <datafield tag="650" ind1=" " ind2="0">
      <subfield code="a">Sacred songs (Medium voice) with instrumental ensemble</subfield>
      <subfield code="v">Parts.</subfield>
    </datafield>
    <datafield tag="650" ind1=" " ind2="0">
      <subfield code="a">Sacred vocal duets with instrumental ensemble</subfield>
      <subfield code="v">Parts.</subfield>
    </datafield>
    <datafield tag="650" ind1=" " ind2="6">
      <subfield code="a">Motets.</subfield>
    </datafield>
    <datafield tag="650" ind1=" " ind2="6">
      <subfield code="a">Chants sacrés (Voix aiguë) acc. d'ensemble instrumental</subfield>
      <subfield code="v">Parties.</subfield>
    </datafield>
    <datafield tag="650" ind1=" " ind2="6">
      <subfield code="a">Chants sacrés (Voix moyenne) acc. d'ensemble instrumental</subfield>
      <subfield code="v">Parties.</subfield>
    </datafield>
    <datafield tag="650" ind1=" " ind2="6">
      <subfield code="a">Duos sacrés acc. d'ensemble instrumental</subfield>
      <subfield code="v">Parties.</subfield>
    </datafield>
    <datafield tag="650" ind1=" " ind2="7">
      <subfield code="a">Motets.</subfield>
      <subfield code="2">fast</subfield>
      <subfield code="0">(OCoLC)fst01026871</subfield>
    </datafield>
    <datafield tag="700" ind1="1" ind2=" ">
      <subfield code="a">Tongeren, Joannes van,</subfield>
      <subfield code="e">dedicatee.</subfield>
      <subfield code="4">dte</subfield>
    </datafield>
    <datafield tag="700" ind1="1" ind2=" ">
      <subfield code="a">Eynden, Arnoldus vanden,</subfield>
      <subfield code="d">active 1670-1698,</subfield>
      <subfield code="e">printer.</subfield>
      <subfield code="4">prt</subfield>
      <subfield code="1">https://id.oclc.org/worldcat/entity/E39PCjvkywPqfFFRj7yTYGcTMd</subfield>
    </datafield>
    <datafield tag="752" ind1=" " ind2=" ">
      <subfield code="a">Netherlands</subfield>
      <subfield code="d">Utrecht,</subfield>
      <subfield code="e">publication place.</subfield>
      <subfield code="4">pup</subfield>
    </datafield>
    <datafield tag="758" ind1=" " ind2=" ">
      <subfield code="i">has work:</subfield>
      <subfield code="a">Encomia sacre musice decantanda (NotatedMusic)</subfield>
      <subfield code="1">https://id.oclc.org/worldcat/entity/E39PCFKqdxQ8vRVc8dqvjcDtYX</subfield>
      <subfield code="4">https://id.oclc.org/worldcat/ontology/hasWork</subfield>
    </datafield>
    <datafield tag="936" ind1=" " ind2=" ">
      <subfield code="a">BATCHLOAD</subfield>
    </datafield>
  </record>